| 000 | 01239nam a2200349 a 4500 | ||
|---|---|---|---|
| 003 | CHAP | ||
| 005 | 20220329143652.0 | ||
| 008 | 101203s1969 us a r 10000 eng d | ||
| 010 | _a100053 | ||
| 011 | _a101025 | ||
| 035 | _a111711 | ||
| 040 | _cCHAP | ||
| 082 | 1 | 4 |
_a631.432 _bSy68 |
| 111 | 2 |
_aSymposium on Water-Repellent Soils ( _d1968 : _cRiverside, California) : Proceedings _9111133 |
|
| 245 | 1 | 0 |
_aProceedings o n water repellent soils _c/editado por Leonard F. Debano y John Letey |
| 260 |
_aRiverside, California : _bUniversity of California, _c1969 |
||
| 300 |
_aviii, 354 p. : _bilus., gráfs., tablas |
||
| 590 |
_aBATCH-UPD _b10 _c20130110 _lUCH01 _h1354 |
||
| 590 |
_aBATCH-UPD _b10 _c20130410 _lUCH01 _h0849 |
||
| 590 |
_aBATCH-UPD _b10 _c20130914 _lUCH01 _h1138 |
||
| 590 |
_aCONVERSION _b10 _c20130109 _lUCH01 _h1355 |
||
| 650 | 1 | 4 |
_aSuelos arcillosos. _9110534 |
| 650 | 1 | 4 |
_aSuelos arenosos. _9110535 |
| 650 | 1 | 4 |
_aSuelos _xBalance hídrico. _9110215 |
| 650 | 1 | 4 |
_aSuelos _xHumedad. _9110391 |
| 700 | 0 |
_aDeBano, Leonard F. _e, ed. _931456 |
|
| 700 | 0 |
_aLetey, John _e, ed. _966369 |
|
| 901 | _aBK | ||
| 911 | _aen proceso | ||
| 942 | _cLIBRO | ||
| 949 |
_a631.432 Sy68 _bBC _cLIBRO _d33724002112462 _eLIBRO _h113936 _i111711 _sb |
||
| 999 |
_c100053 _d100053 |
||